| 000 | 00587nam a2200205Ia 4500 | ||
|---|---|---|---|
| 003 | GCL | ||
| 008 | 140319s9999 xx 000 0 ara d | ||
| 040 |
_aGCL / _cGCL |
||
| 082 | 0 | 4 |
_aد _b050 |
| 100 | 1 | _aشوقى جلال | |
| 245 | 1 | 0 |
_aاليابانيون ( عالم المعرفة 136 ) / _cشوقى جلال |
| 700 | 1 | _aرايشاور، ادوين | |
| 700 | 1 | _aليلى الجبالى | |
| 300 | _a444 ص | ||
| 490 |
_aعالم المعرفة _v0 |
||
| 650 | 0 | 4 | _aاليابان |
| 650 | 0 | 4 | _aاليابان - تاريخ |
| 650 | 0 | 4 | _aاليابانيون |
| 942 |
_2ddc _cBK |
||
| 999 |
_c50296 _d50296 |
||